Statistiques concernant Tsars de l'Empire Russe par images

Cliquez ici pour prendre le quiz!

Statistiques générales

  • Ce quiz a été pris 35 fois
  • Le résultat moyen est 10 sur 14

Statistiques - réponses

Réponse% Correct
Pierre I
97%
Catherine I
94%
Nicolas II
94%
Alexandre III
84%
Alexandre II
81%
Alexandre I
77%
Catherine II
77%
Nicolas I
74%
Pierre II
71%
Anne I
65%
Pierre III
58%
Élisabeth I
45%
Ivan IV
35%
Michel II
19%

Distribution des résultats

Percentile par nombre de réponses

% des personnes avec chaque résultat

Votre développement - résultats

Vous n’avez pas pris ce quiz